| 000 | 00815nam a2200193 a 4500 | ||
|---|---|---|---|
| 005 | 20241016063729.0 | ||
| 008 | 991125s1982 mx 000 0 spa u | ||
| 035 | _aUPN01000031076 | ||
| 049 | _aCG | ||
| 050 | 4 |
_aLC2631 M6 _bS4.8 1982 |
|
| 111 | 2 |
_aSeminario Técnico de Políticas y Estrategias de Educación y Alfabetización en Poblaciones Indígenas _d(1982 : _cOaxaca) |
|
| 245 | 1 | 0 | _aInforme final. |
| 260 |
_aMéxico : _bIII : _bUNESCO, _c1982. |
||
| 300 | _a93 h. | ||
| 500 | _a"Seminario Ténico de Políticas y Estrategias de Educación y Alfabetización en Poblaciones Indígenas : en el contexto del proyecto principal de la UNESCO : Oaxaca, 4 al 9 de octubre de 1982" | ||
| 650 | 4 |
_aAlfabetización (Educación) _vCongresos _91925 |
|
| 650 | 4 |
_aIndígenas de México _xEducación _910 |
|
| 905 | _aLibro | ||
| 999 |
_c31076 _d31076 |
||